000 00697cab a2200241 4500
001 ABS52993
008 090401t1995 xxu||||| |||| 00| 0 eng d
035 _a(Sirsi) u1248
041 _aeng
100 _aTurrent, D.
245 _aGreen building materials
260 _c1995
350 _a0
490 _aArchitects` Journal
_v201(23) 8 June 1995, 37-39(3)
520 _aA guide to building materials considered to be environmentally friendly.
650 _aBUILT ENVIRONMENT-BUILDING MATERIALS
650 _aEMBODIED ENERGY
650 _aENVIRONMENTALLY FRIENDLY
690 _aBUILT ENVIRONMENT-BUILDING MATERIALS
690 _aEnvironment
_96238
942 _n0
948 _c04/03/1997
999 _c680
_d680